000 01804nam a2200565 i 4500
001 43491
003 KOSZ 005
005 20240405063142.0
008 030303s2002 pl a f |000 0 pol
015 _aUWD 2003/5025
020 _a8387875937
035 _a991020329289705066
035 _a(PL-WaBN)b15512502-48omnis_nlop
035 _ab15512502
035 _a(OCoLC)749197854
035 _azz2003824204
035 _a(PL)b0000001551250
035 _a(EXLNZ-48OMNIS_NETWORK)9910090450005606
040 _aWA N
_cWA N
_dKOSZ 005/HR
041 0 _apol
046 _k2002
080 _a631.95(438)
080 _a338.439(438)
080 _a614.3(438)
080 _a113/119
100 1 _aŚmiechowska, Maria
_d(1947- )
_eAutor
245 1 0 _aStudia nad produkcją, jakością i konsumpcją żywności ekologicznej /
_cMaria Śmiechowska.
260 _aGdynia :
_bWydaw. AM,
_c2002.
300 _a157 s. :
_bil. ;
_c25 cm.
336 _aTekst
_btxt
_2rdacontent
337 _aBez urządzenia pośredniczącego
_bn
_2rdamedia
338 _aWolumin
_bnc
_2rdacarrier
380 _aKsiążki
380 _aPublikacje naukowe
388 _a2001-
490 1 _aPrace Naukowe Akademii Morskiej
504 _aBibliogr.
648 _a1901-2000
648 _a1989-2000
650 7 _aEkofilozofia
_2DBN
650 7 _aRolnictwo ekologiczne
_2DBN
650 7 _aŻywność ekologiczna
_2DBN
651 _aPolska
658 _aRolnictwo i leśnictwo
710 2 _aWydawnictwo Akademii Morskiej (Gdynia)
_4pbl
830 0 _aPrace Naukowe Akademii Morskiej
856 _uhttp://koha.tu.koszalin.pl/cgi-bin/koha/opac-detail.pl?biblionumber=43491
_yKatalog online BPK
942 _2UKD
_cKS
999 _c43491
_d43491